NCAA College Football Teams - One Minute Sprint - Statistics

General Stats
  • This quiz has been taken 3,726 times
  • The average score is 26 of 130
Answer Stats
College % Correct
Alabama
69%
Ohio
60%
Texas
60%
USC
58%
Georgia
57%
Florida
56%
UCLA
53%
Michigan
51%
Ohio State
51%
Florida State
48%
Clemson
45%
Miami
42%
Miami of Ohio
42%
Auburn
41%
Louisiana State
41%
Oregon
41%
California
37%
Michigan State
37%
North Carolina
36%
Washington
35%
Iowa
34%
Duke
33%
Penn State
32%
Notre Dame
31%
Oklahoma
31%
Texas Tech
31%
TCU
30%
Mississippi
28%
Oregon State
28%
Tennessee
27%
Georgia Tech
26%
Iowa State
26%
NC State
26%
Texas A&M
26%
Utah
26%
Indiana
25%
Arkansas
24%
Central Florida
24%
Kansas
24%
Kentucky
24%
Arizona
23%
Army
23%
Brigham Young
23%
Illinois
22%
Navy
22%
Stanford
22%
Washington State
22%
Colorado
21%
South Carolina
21%
Virginia
21%
South Florida
20%
Wisconsin
20%
Arizona State
19%
Baylor
19%
Boise State
19%
Florida Atlantic
19%
Kansas State
19%
Southern Methodist
19%
Wake Forest
19%
Boston College
18%
Connecticut
18%
Florida Intl.
18%
Minnesota
18%
Nebraska
18%
Pittsburgh
18%
Missouri
17%
Oklahoma State
17%
Purdue
17%
Utah State
17%
Vanderbilt
17%
UAB
16%
UNLV
16%
UTEP
16%
Air Force
15%
Syracuse
15%
Texas State
15%
UTSA
15%
Virginia Tech
15%
Houston
14%
Maryland
14%
Massachusetts
14%
Mississippi State
14%
Rutgers
13%
Tulane
13%
Akron
12%
Georgia State
12%
Hawaii
12%
Kent State
12%
Louisville
12%
Nevada
11%
Northwestern
11%
San Diego State
11%
Toledo
11%
Colorado State
10%
Rice
10%
Troy
10%
Tulsa
10%
Temple
9%
Cincinnati
8%
Fresno State
8%
New Mexico
8%
West Virginia
8%
Wyoming
8%
Arkansas State
7%
Ball State
7%
Bowling Green
7%
San Jose State
7%
East Carolina
6%
Georgia Southern
6%
Memphis
6%
North Texas
6%
Buffalo
5%
Central Michigan
5%
Eastern Michigan
5%
Liberty
5%
Marshall
5%
Western Michigan
5%
Coastal Carolina
4%
New Mexico State
4%
South Alabama
4%
Charlotte
3%
Louisiana-Monroe
3%
Middle Tennessee
3%
Northern Illinois
3%
Old Dominion
3%
Southern Miss
3%
Appalachian State
2%
Louisiana-Lafayette
2%
Louisiana Tech
2%
Western Kentucky
2%
No matching quizzes found
Score Distribution
Percent of People with Each Score
Percentile by Number Answered
Your Score History
You have not taken this quiz